[Event "Mechanics' Winter TNM; 30/90, SD/30"]
[Site "San Francisco"]
[Date "2015.01.13"]
[Round "2.1"]
[White "Winslow, Elliott"]
[Black "Andries, Craig"]
[Result "1-0"]
[WhiteElo "2283"]
[BlackElo "1935"]
[Annotator "Donaldson"]
[PlyCount "85"]
[EventDate "2015.??.??"]

1. e4 d6 2. d4 Nf6 3. Nc3 g6 4. f4 Bg7 5. Nf3 O-O 6. e5 dxe5 7. dxe5 Qxd1+ 8.
Kxd1 Ng4 (8... Rd8+) (8... Nh5) 9. Ke1 f6 10. Bc4+ (10. Nd5 $1) 10... Kh8 11.
h3 Nh6 12. exf6 exf6 13. g4 Nc6 14. Kf2 Nb4 15. Bb3 Re8 16. a3 Na6 17. Bd2 Bd7
18. Rae1 c6 19. Bc4 b5 20. Ba2 Bf8 21. Ne4 Be7 22. Bc3 Kg7 23. g5 Ng8 24. Bxg8
Kxg8 25. gxf6 Bc5+ 26. Kg3 Be6 27. f7+ Bxf7 28. Nf6+ Kf8 29. Nxh7+ Kg8 30. Nf6+
Kf8 31. Nxe8 Bxe8 32. Ne5 b4 33. axb4 Nxb4 34. Bxb4 Bxb4 35. Re4 Be7 36. Rd1
Rb8 37. b3 a5 38. Nd7+ Bxd7 39. Rxd7 Re8 40. Kg4 Kf7 41. f5 gxf5+ 42. Kxf5 Kf8
43. Rexe7 1-0

[Event "Mechanics' Spring TNM; G/2"]
[Site "San Francisco"]
[Date "2015.03.24"]
[Round "2.1"]
[White "Winslow, Elliott"]
[Black "Askin, David"]
[Result "1-0"]
[WhiteElo "2306"]
[BlackElo "1959"]
[Annotator "Donaldson"]
[PlyCount "61"]
[EventDate "2015.??.??"]

1. d4 d5 2. c4 c6 3. Nc3 e6 4. Nf3 dxc4 5. a4 Bb4 6. e3 b5 7. Bd2 a5 8. axb5
Bxc3 9. Bxc3 cxb5 10. b3 Bb7 11. bxc4 b4 12. Bb2 Nf6 13. Bd3 O-O 14. O-O Ne4
15. Qc2 f5 16. d5 exd5 17. Nd4 Qe7 18. f3 Nd6 19. c5 Nc4 20. Nxf5 Rxf5 21. Bxf5
Nxb2 22. Qxb2 Qxe3+ 23. Kh1 Qxc5 24. Rac1 Qd6 25. Rfe1 Na6 26. Re6 Qf8 27. Qe5
b3 {Diagram #} 28. Rh6 $1 (28. Re7 {is also strong, if not as pretty.}) 28...
Qxf5 29. Qxf5 gxh6 30. Qe6+ Kh8 31. Qb6 1-0

[Event "Mechanics' Summer TNM; G/2"]
[Site "San Francisco"]
[Date "2015.07.07"]
[Round "7.1"]
[White "Winslow, Elliott"]
[Black "Basak, Aniruddha"]
[Result "1/2-1/2"]
[WhiteElo "2301"]
[BlackElo "2031"]
[PlyCount "101"]
[EventDate "2015.??.??"]

1. d4 Nf6 2. c4 g6 3. Nc3 Bg7 4. e4 d6 5. Be2 O-O 6. Bg5 c5 7. d5 h6 8. Be3 e6
9. Qd2 exd5 10. cxd5 Kh7 11. h4 Re8 12. h5 g5 13. f3 a6 14. a4 Nbd7 15. Nh3 Ne5
16. Nf2 Bd7 17. Rb1 Qa5 18. Kf1 b5 19. axb5 axb5 20. b3 b4 21. Ncd1 Bb5 22. Nd3
g4 23. Nxe5 Rxe5 24. Bf4 Rxh5 25. Rxh5 Nxh5 26. Bxd6 gxf3 27. gxf3 Qa6 28. Bc7
Rg8 29. Bxb5 Qxb5+ 30. Qe2 Qd7 31. Qh2 Qb5+ 32. Qe2 Qd7 33. Qh2 Bd4 34. Qxh5
Qxc7 35. e5 Rg1+ 36. Ke2 Bxe5 37. Ne3 Rg5 38. Qh3 Bf4 39. Nc4 Qe7+ 40. Kf1 Qf6
41. Qd7 Rh5 42. Rb2 Rh1+ 43. Kg2 Rh2+ 44. Kf1 Rxb2 45. Nxb2 Bg5 46. Nd1 Qxf3+
47. Ke1 Qe4+ 48. Kf1 Qf3+ 49. Ke1 Bh4+ 50. Kd2 Bg5+ 51. Ke1 1/2-1/2

[Event "Mechanics' Winter TNM; 30/90, SD/30"]
[Site "San Francisco"]
[Date "2015.02.17"]
[Round "7.2"]
[White "Winslow, Elliott"]
[Black "Byambaa, Uyanga"]
[Result "1-0"]
[WhiteElo "2283"]
[BlackElo "2242"]
[PlyCount "45"]
[EventDate "2015.??.??"]

1. d4 Nf6 2. c4 g6 3. Nc3 Bg7 4. e4 d6 5. f3 c6 6. Be3 a6 7. Bd3 O-O 8. Qd2 b5
9. c5 dxc5 10. dxc5 Nbd7 11. Qc2 Qa5 12. Nh3 Ne5 13. Nf2 b4 14. Ne2 Rd8 15. O-O
Nxd3 16. Nxd3 Qb5 17. Nd4 Qb7 18. Qc4 a5 19. Ne5 Nd5 20. Ndxc6 Nxe3 21. Qxf7+
Kh8 22. Nxd8 Qc7 23. Qe8+ 1-0

[Event "Mechanics' Spring TNM; G/2"]
[Site "San Francisco"]
[Date "2015.05.05"]
[Round "8.3"]
[White "Winslow, Elliott"]
[Black "Khristoforov, Sergey"]
[Result "1-0"]
[WhiteElo "2306"]
[BlackElo "1977"]
[PlyCount "35"]
[EventDate "2015.??.??"]

1. d4 d5 2. c4 c6 3. Nf3 Nf6 4. Nc3 e6 5. Bg5 dxc4 6. e4 b5 7. e5 h6 8. Bh4 g5
9. exf6 gxh4 10. Ne5 Bb7 $4 {Diagram #} 11. Nxf7 Qxf6 12. Nxh8 Qxh8 13. Qh5+
Kd8 14. O-O-O Nd7 15. g3 b4 16. Ne4 c5 17. dxc5 Bxe4 18. Qxh4+ 1-0

[Event "Mechanics' Winter TNM; 30/90, SD/30"]
[Site "San Francisco"]
[Date "2015.02.03"]
[Round "5.1"]
[White "Winslow, Elliott"]
[Black "Lee, Andy"]
[Result "0-1"]
[WhiteElo "2283"]
[BlackElo "2386"]
[Annotator "Donaldson"]
[PlyCount "42"]
[EventDate "2015.??.??"]

1. d4 e6 2. c4 Bb4+ 3. Bd2 a5 4. Nc3 Nf6 5. g3 (5. Bg5) 5... O-O 6. Bg2 d5 7.
Nf3 dxc4 8. O-O Nc6 9. e3 Rb8 10. Qe2 b5 11. a4 bxa4 12. Qxc4 Rb6 13. Rfc1 Ba6
14. Qa2 e5 15. dxe5 Nxe5 16. Nxe5 Qxd2 17. Nxa4 Rd6 18. h3 Qe2 19. Bf3 Qb5 20.
Nc6 Bb7 21. Qc4 Bxc6 0-1

[Event "Mechanics' Spring TNM; G/2"]
[Site "San Francisco"]
[Date "2015.04.21"]
[Round "6.1"]
[White "Winslow, Elliott"]
[Black "Shaw, Tenzing"]
[Result "1/2-1/2"]
[WhiteElo "2306"]
[BlackElo "2255"]
[PlyCount "108"]
[EventDate "2015.??.??"]

1. d4 d5 2. c4 c6 3. Nc3 Nf6 4. Nf3 dxc4 5. a4 Bf5 6. e3 e6 7. Bxc4 Bb4 8. O-O
O-O 9. Qe2 Nbd7 10. e4 Bg6 11. Bd3 Bh5 12. e5 Nd5 13. Nxd5 cxd5 14. Qe3 Be7 15.
Ng5 Bxg5 16. Qxg5 Bg6 17. Bxg6 hxg6 18. Qg4 Rc8 19. Bg5 Qb6 20. Be7 Rfe8 21.
Bd6 Rc4 22. Rfd1 Rec8 23. h4 Nf6 24. exf6 Qxd6 25. fxg7 Kxg7 26. b3 Rc2 27. g3
Qe7 28. Rd3 R8c3 29. Rxc3 Rxc3 30. h5 Qf6 31. hxg6 Qxg6 32. Qf4 Qf5 33. Qxf5
exf5 34. Rb1 Rd3 35. Kf1 Rxd4 36. Ke2 Kf6 37. Ke3 Re4+ 38. Kd3 f4 39. gxf4 Rxf4
40. Ke3 Ke5 41. b4 d4+ 42. Ke2 Rf6 43. b5 Rd6 44. Kd3 Rd7 45. a5 Rc7 46. b6
Rc3+ 47. Kd2 a6 48. Re1+ Kd6 49. Re8 Ra3 50. Rb8 Rxa5 51. Rxb7 Rb5 52. Rxf7
Rxb6 53. Kd3 Ke5 54. Re7+ Kf4 1/2-1/2

[Event "Mechanics' Winter TNM; 30/90, SD/30"]
[Site "San Francisco"]
[Date "2015.01.27"]
[Round "4.1"]
[White "Winslow, Elliott"]
[Black "Shaw, Tenzing"]
[Result "1-0"]
[WhiteElo "2283"]
[BlackElo "2255"]
[PlyCount "59"]
[EventDate "2015.??.??"]

1. d4 f5 2. g3 Nf6 3. Bg2 g6 4. Nh3 Bg7 5. O-O O-O 6. Nd2 d6 7. c3 Nc6 8. Qb3+
Kh8 9. d5 Ne5 10. Nf3 Qe8 11. Nd4 Nf7 12. Nf4 Nd8 13. f3 a6 14. e4 e5 15. dxe6
fxe4 16. fxe4 c5 {Diagram [#]} 17. Nf5 $1 gxf5 18. exf5 Qe7 19. h3 Nc6 20. g4
Ne8 21. Nd5 Qh4 22. Bf4 Be5 23. Rae1 Bxf4 24. Nxf4 Ne7 25. Qd1 Ra7 26. Nh5 b6
27. f6 Nxf6 28. Qxd6 Kg8 29. Re5 Ng6 30. Ref5 1-0

[Event "Mechanics' Summer TNM; G/2"]
[Site "San Francisco"]
[Date "2015.06.23"]
[Round "5.1"]
[White "Winslow, Elliott"]
[Black "Sun, James"]
[Result "1-0"]
[WhiteElo "2301"]
[BlackElo "2081"]
[Annotator "Donaldson"]
[PlyCount "105"]
[EventDate "2015.??.??"]

1. c4 b6 2. Nc3 Bb7 3. e4 e6 4. Nf3 Bb4 5. Bd3 Nc6 6. O-O g5 7. a3 Bf8 8. Bc2
g4 9. Ne1 h5 10. d4 e5 11. d5 Nd4 12. Be3 c5 13. f4 Bh6 14. Qd2 f6 15. Nd3 Qe7
16. b4 Ba6 17. bxc5 bxc5 18. Na4 d6 {Diagram #} 19. Naxc5 $1 dxc5 20. Ba4+ $2 (
20. Bxd4 cxd4 21. Qa5 $18) 20... Kf7 21. fxe5 Bxc4 22. e6+ Kg7 23. Rac1 Bxd3
24. Qxd3 Bxe3+ 25. Qxe3 Qd6 26. Rf2 Rh6 27. Qc3 Rc8 28. Rd2 Ne7 29. Bd7 Rc7 30.
Rxd4 Rxd7 31. exd7 (31. Qxc5 $1) 31... cxd4 32. Qc7 Qxc7 33. Rxc7 Rh8 34. d8=Q
Rxd8 35. Rxe7+ Kg6 36. Kf2 Rb8 37. Ke2 Rb3 38. Kd2 Rxa3 39. d6 Ra6 40. d7 Rd6
41. e5 fxe5 42. Re6+ Rxe6 43. d8=Q Kf5 44. Qd5 Kf6 45. Qd8+ Re7 46. Qd6+ Re6
47. Qf8+ Kg6 48. Qg8+ Kf6 49. Qh7 e4 50. Qh8+ Kf5 51. Qxd4 e3+ 52. Ke2 a6 53.
Qd5+ 1-0

[Event "Mechanics' Fall TNM; G/2"]
[Site "San Francisco"]
[Date "2015.10.20"]
[Round "1.2"]
[White "Winslow, Elliott C"]
[Black "Acharya, Venkatagi"]
[Result "1-0"]
[WhiteElo "2325"]
[BlackElo "1686"]
[PlyCount "65"]
[EventDate "2015.??.??"]

1. d4 Nf6 2. c4 g6 3. Nc3 d5 4. cxd5 Nxd5 5. e4 Nxc3 6. bxc3 c5 7. Nf3 Bg4 8.
Qa4+ Qd7 9. Bb5 Bg7 10. Bxd7+ Bxd7 11. Qb3 O-O 12. Be3 b5 13. Rd1 c4 14. Qc2 f5
15. O-O Nc6 16. d5 Nd8 17. e5 e6 18. dxe6 Bxe6 19. Ng5 h6 20. Rxd8 hxg5 21.
Rxa8 Rxa8 22. Bxg5 Bd5 23. Re1 Be4 24. Rxe4 fxe4 25. Qxe4 Re8 26. f4 Rf8 27.
Qxg6 b4 28. Qe6+ Kh7 29. Qxc4 bxc3 30. Qxc3 Rf7 31. Qd3+ Kg8 32. Qd5 Bf8 33. e6
1-0

[Event "Mechanics' Leighton Allen TNM; G/2"]
[Site "San Francisco"]
[Date "2015.09.08"]
[Round "6.1"]
[White "Winslow, Elliott C"]
[Black "Byambaa, Uyanga"]
[Result "0-1"]
[WhiteElo "2328"]
[BlackElo "2195"]
[PlyCount "54"]
[EventDate "2015.??.??"]

1. d4 Nf6 2. c4 g6 3. Nc3 Bg7 4. e4 d6 5. f3 O-O 6. Be3 e5 7. Nge2 Nbd7 8. d5
Ne8 9. Qd2 f5 10. O-O-O a6 11. Kb1 Nef6 12. h3 b5 13. exf5 gxf5 14. cxb5 axb5
15. Nxb5 Nb6 16. Nec3 Bb7 17. Bxb6 cxb6 18. g4 e4 19. g5 Nh5 20. f4 Ng3 21. Rg1
Nxf1 22. Rgxf1 Ba6 23. a4 Bxb5 24. axb5 Qd7 25. Rc1 Rfc8 26. Rfe1 Qa7 27. Re3
Rc4 0-1

[Event "Mechanics' Summer TNM; G/2"]
[Site "San Francisco"]
[Date "2015.05.26"]
[Round "1.1"]
[White "Winslow, Elliott C"]
[Black "Chalissery, Jossy"]
[Result "1-0"]
[WhiteElo "2301"]
[BlackElo "1685"]
[Annotator "Donaldson"]
[PlyCount "83"]
[EventDate "2015.??.??"]

1. d4 d5 2. Nf3 Nf6 3. c4 e6 4. Nc3 c6 5. Bg5 Be7 6. e3 Nbd7 7. Qc2 O-O 8. cxd5
exd5 9. Bd3 Re8 10. O-O-O Nf8 11. h3 b5 12. Kb1 a5 13. Ne5 Bb7 14. g4 N6d7 15.
Nxd7 Qxd7 16. Bf5 Qd8 17. Bf4 g6 18. Bd3 Bf6 19. Rdg1 Ne6 20. Bg3 a4 21. h4 Qa5
22. h5 Nf8 23. hxg6 fxg6 24. Bd6 b4 25. Ne2 (25. Bxf8 bxc3 (25... b3 26. axb3
axb3 27. Qxb3 Ba6 28. Bxg6 hxg6 29. Bd6 Re6 30. Ba3 Bd3+ 31. Kc1 Qa6 32. g5)
26. Bxg6 Rxf8 27. Bxh7+ Kf7 28. g5 Bg7 (28... Bh8 29. Bg6+ Ke7 30. Rh7+ Kd8 (
30... Kd6 31. f3 c5 32. Qh2+ Kc6 33. Qh6) 31. Rgh1) 29. Qg6+) 25... Be7 26.
Bxe7 Rxe7 27. Rc1 Rc7 28. Nf4 b3 29. Qc3 bxa2+ 30. Kxa2 Qxc3 31. Rxc3 Ba6 32.
Bxa6 Rxa6 33. Nxd5 Rf7 34. Nb4 Rb6 35. Nd3 Ne6 36. Rhc1 Nd8 37. f4 Re7 38. Nc5
Ra7 39. g5 Nf7 40. Ne4 Rc7 41. Nf6+ Kh8 42. Nd5 1-0

[Event "Mechanics' Leighton Allen TNM; G/2"]
[Site "San Francisco"]
[Date "2015.09.15"]
[Round "7.2"]
[White "Winslow, Elliott C"]
[Black "Critelli, James Ma"]
[Result "1-0"]
[WhiteElo "2328"]
[BlackElo "2376"]
[Annotator "Winslow"]
[PlyCount "115"]
[EventDate "2015.??.??"]

1. d4 Nf6 2. c4 e6 3. Nf3 b6 4. Nc3 Bb4 5. Bg5 Bxc3+ ({Relevant:} 5... h6 6.
Bh4 g5 7. Bg3 Ne4 8. Qd3 f5 9. h4 Bxc3+ 10. bxc3 Nxg3 11. fxg3 g4 12. Nd2 d5
13. e4 dxe4 14. Nxe4 Bb7 15. Nd2 Nd7 16. Qe3 Qf6 17. Bd3 Bxg2 18. Rh2 Bb7 19.
Re2 O-O-O 20. Qxe6 Qxe6 21. Rxe6 Nc5 22. Re3 Nxd3+ 23. Rxd3 f4 24. gxf4 Rdf8
25. Kf2 g3+ 26. Rxg3 Rxf4+ 27. Ke3 Rxh4 28. Rag1 Re8+ 29. Kd3 Bc6 30. Nf3 Be4+
31. Kd2 Bxf3 32. Rxf3 Rh2+ 33. Kd3 Rxa2 34. Rg7 Kb8 35. Rh7 {
Vallejo Pons,F (2712)-Aronian,L (2804) Bilbao 2014 1/2-1/2}) 6. bxc3 Bb7 7. Nd2
d6 8. f3 Nbd7 9. e4 h6 10. Be3 $146 ({Predecessor (3):} 10. Bh4 c5 (10... Nf8
11. c5 Ng6 12. Bxf6 gxf6 13. cxd6 Qxd6 14. Qa4+ Kf8 15. Ba6 Bxa6 16. Qxa6 c5
17. Nb3 cxd4 18. cxd4 Qb4+ 19. Kf2 b5 20. Qa5 Nf4 $4 21. Qxb4+ {
1-0 (21) Lalic,B (2517)-Lantini, M (2194) Porto San Giorgio 2009}) (10... e5
11. Bd3 (11. Be2)) (10... Qe7) 11. Bd3 Qc7 12. f4 cxd4 13. cxd4 e5 14. fxe5
dxe5 15. d5 Qd6 16. O-O g5 17. Bf2 Nc5 18. Bc2 Bc8 19. Qf3 Bg4 20. Qc3 Be2 21.
Rfe1 Bh5 22. Nb3 Nfd7 23. Rf1 f6 24. Rae1 Bg6 25. Nd2 O-O 26. h4 Kg7 27. Qg3
Rac8 28. Bd1 Rc7 29. Bg4 Rf7 30. Qf3 Nf8 31. Rb1 Nb7 32. h5 Bh7 33. Rb5 Qe7 34.
Rb3 Nd6 35. Qe2 Nd7 36. Bxd7 Qxd7 37. Rc1 Qa4 38. Rbc3 Qxa2 39. R3c2 Qa6 {
Gelashvili,T (2576)-Taleb,M (2452) Dubai 2006 1/2-1/2 (70)}) 10... Qe7 11. Kf2
$6 (11. Nb3) (11. Bd3) (11. Qc2) (11. a4) 11... g5 $6 (11... e5) (11... O-O)
12. Qa4 (12. Bd3) 12... Kf8 (12... a5) (12... g4) (12... e5) (12... c5) 13. Bd3
Nh5 (13... e5) (13... Kg7) 14. g3 Kg7 15. Rae1 (15. h4 $5) 15... c5 16. h4 Nf8
(16... cxd4 17. cxd4 e5) 17. Rh2 Ng6 18. hxg5 hxg5 19. Reh1 Nhf4 20. Bf1 e5 21.
d5 Rxh2+ 22. Rxh2 Nf8 23. Ke1 (23. Qb5 Bc8 24. Qb1) 23... N4g6 24. Bh3 (24. Qd1
) 24... f6 25. Nf1 (25. Bf5) (25. Kd1) (25. Qd1) 25... Bc8 26. Qc6 Bb7 27. Qa4
Bc8 28. Bf5 $6 (28. Bxc8 Rxc8 29. Bc1) 28... Qc7 29. Bc1 (29. Qd1) 29... Ne7
30. g4 $6 (30. Qc2 Nxf5 31. exf5 Qe7 32. Ne3 Nh7 33. Rh1) 30... Nfg6 $2 31.
Bxg6 $2 (31. Qe8 Bxf5 32. Qxa8 Bc8 33. Ne3) (31. Ng3 Qd8 32. Be6 Bxe6 33. dxe6
Nh4 34. Ke2) 31... Nxg6 32. Ng3 Bd7 33. Qc2 Rh8 34. Nh5+ $6 Kf7 35. Nxf6 $2 Nh4
(35... Kxf6 36. Bxg5+ Kg7 $17 (36... Kxg5 $2 $11)) 36. Kf2 Kxf6 $19 37. Qd2 Rg8
(37... Kf7 $19) 38. Rxh4 gxh4 39. Qh6+ Kf7 40. g5 Rg7 (40... Ba4 $5) 41. Qf6+
Kg8 42. g6 Qb8 $4 {Diagram #} (42... Be8 $19 43. Qe6+ Bf7 44. gxf7+ Qxf7 45.
Qc8+ Kh7 46. Qh3 Qh5 47. Bd2 Rg3 48. Qh1 Kg7) 43. Bh6 $18 Qf8 44. Bxg7 Qxg7 45.
Qd8+ Qf8 46. Qxd7 (46. Qxh4 $1) 46... Qf6 47. Qh7+ Kf8 48. g7+ (48. Qh6+ $1)
48... Qxg7 49. Qxh4 Qf7 $2 (49... Kf7) 50. Qd8+ Kg7 51. Qxd6 Qf4 52. Qd7+ Kh6
53. Qh3+ Kg7 54. Qg4+ Kf6 55. Qxf4+ exf4 56. Kg2 Ke5 57. Kh3 a6 58. a4 {
1-0 Winslow,E-Critelli,J/San Francisco 2015/[Winslow,Elliott]} 1-0

[Event "Mechanics' Fall TNM; G/2"]
[Site "San Francisco"]
[Date "2015.11.03"]
[Round "3.14"]
[White "Winslow, Elliott C"]
[Black "Gomboluudev, Enkhjin"]
[Result "1-0"]
[WhiteElo "2325"]
[BlackElo "1416"]
[Annotator "Donaldson"]
[PlyCount "53"]
[EventDate "2015.??.??"]

1. d4 d5 2. c4 c6 3. Nf3 Nf6 4. Nc3 e6 5. Bg5 Be7 6. e3 Nbd7 7. Qc2 O-O 8. cxd5
exd5 9. Bd3 h6 $6 (9... Re8) 10. Bf4 $1 Ne8 11. O-O-O Ndf6 12. h3 b5 13. Ne5
Qb6 14. Kb1 Nd6 15. g4 a5 16. Rhg1 a4 17. h4 Nc4 18. g5 hxg5 19. hxg5 Nd7 20.
Bh7+ Kh8 21. Rh1 g6 22. Bxg6+ Kg8 23. Bxf7+ Rxf7 24. Qg6+ Rg7 25. Qe6+ Kf8 26.
Rh8+ Rg8 27. Rxg8# 1-0

[Event "Mechanics' Summer TNM; G/2"]
[Site "San Francisco"]
[Date "2015.06.09"]
[Round "3.1"]
[White "Winslow, Elliott C"]
[Black "Grey, Peter G"]
[Result "1-0"]
[WhiteElo "2301"]
[BlackElo "2000"]
[PlyCount "75"]
[EventDate "2015.??.??"]

1. d4 Nf6 2. c4 g6 3. Nc3 d5 4. Nf3 Bg7 5. cxd5 Nxd5 6. e4 Nxc3 7. bxc3 c5 8.
Rb1 O-O 9. Be2 b6 10. O-O Bb7 (10... Qc7 $5) 11. Qd3 (11. d5 $5 Bxc3 12. Bc4 {
The cutting edge...}) 11... Ba6 (11... e6 {is more flexible}) (11... cxd4) (
11... Qc7) 12. Qe3 (12. Qc2 {is another interesting alternative.}) 12... Bxe2 (
12... Qd7 $5) (12... Qc8) (12... cxd4 {and}) (12... e6 {
preventing d4-d5 but delaying his development}) 13. Qxe2 Qc8 (13... cxd4 14.
cxd4 Qd6 (14... Nc6 15. d5 Nd4 16. Nxd4 Bxd4 17. Bh6 Bg7 18. Bxg7 Kxg7) 15. Bg5
Nc6 16. d5 Ne5 17. Nxe5 Bxe5 18. f4 Bd4+ 19. Kh1) (13... e6 $14) 14. Bg5 Re8 (
14... Qa6 15. Rfe1 e6) 15. Qd2 Nc6 (15... Nd7 16. Rfe1 Qc6 17. d5 Qd6 18. c4 e6
19. Bf4) 16. Bh6 Qg4 $6 {Not really the direction in which Black's play comes}
17. Bxg7 Kxg7 18. d5 Na5 19. Rfe1 f6 $6 {Helping rather than hindering} 20. h3
Qd7 21. e5 Rad8 22. Rbd1 {Good, but} ({Stockfish doesn't overlook} 22. Re4 $1
Qxd5 23. exf6+ $1 Kxf6 24. Qe3 e5 25. Re1 (25. Rh4)) 22... Nc4 23. Qf4 Nxe5 24.
Nxe5 fxe5 25. Rxe5 Rf8 26. Qe3 Rf7 27. Re1 Re8 28. c4 Kf8 29. Re6 Rf6 30. h4 $6
(30. Qe5 $1 Kf7 31. g4 $1 Rf3 32. h4 $1) 30... Rxe6 31. Qh6+ Kg8 32. Rxe6 Qa4
$1 33. Qe3 $6 (33. Qg5 Qxc4 34. h5 {might be the only way to go}) 33... Qxc4
34. d6 Rd8 $4 {Diagram [#]} (34... Qd5 $1 35. Qe2 (35. dxe7 Kf7 $17) 35... Rf8
36. dxe7 Re8 37. Re5 Qd6 38. h5 Kf7) 35. dxe7 $6 (35. Rxe7 Rxd6 36. Re8+ Kg7
37. Qe5+ $18 Kh6 38. Qxd6 Qc1+ 39. Kh2 {
and here I hallucinated Qc1xh4+ and a perpetual !?!?}) 35... Rd1+ $4 $18 (35...
Re8 36. Rf6 $1 $18 (36. h5 {was my intention, but it's next to nothing}) 36...
Qxa2 37. Kh2 $1 {/\Qf4 or Qh6 and into f8}) 36. Kh2 Qxh4+ 37. Qh3 Qf4+ 38. g3 {
seen eventually before playing 35.dxe7. It's actually 1-0 (38) Winslow,E (2313)
-Grey,P (2000) San Francisco 2015 [Winslow, Elliott] [%eval 32746,0]} 1-0

[Event "Mechanics' Fall TNM; G/2"]
[Site "San Francisco"]
[Date "2015.12.01"]
[Round "7.6"]
[White "Winslow, Elliott C"]
[Black "Klinetobe, David"]
[Result "1-0"]
[WhiteElo "2325"]
[BlackElo "2000"]
[PlyCount "89"]
[EventDate "2015.??.??"]

1. d4 Nf6 2. c4 e6 3. Nf3 b6 4. a3 Ba6 5. Qc2 Bb7 6. Nc3 c5 7. dxc5 bxc5 8. Bf4
Nh5 9. Bg3 Be7 10. e3 O-O 11. Rd1 d6 12. Be2 Nxg3 13. hxg3 h6 14. g4 Na6 15.
Kf1 f5 16. gxf5 exf5 17. Rh5 Bg5 18. Nxg5 hxg5 19. Nb5 g6 20. Rh1 Rf6 21. Qc3
Qe7 {Diagram #} 22. Rxd6 Raf8 23. Rxf6 Rxf6 24. Bf3 Bxf3 25. gxf3 g4 26. fxg4
fxg4 27. Rg1 Qf7 28. Qd2 Qe6 29. Qd3 Kg7 30. Nc3 Rf7 31. Nd5 Rf3 32. Nf4 Qf5
33. Qxf5 gxf5 34. Ke2 Kf6 35. Rd1 Nc7 36. Rd7 Ne6 37. Rd6 Rxf4 38. exf4 Ke7 39.
Rxe6+ Kxe6 40. b4 Kd6 41. Kd3 Kc6 42. bxc5 Kxc5 43. Kc3 a6 44. Kd3 a5 45. Kc3
1-0

[Event "Mechanics' Leighton Allen TNM; G/2"]
[Site "San Francisco"]
[Date "2015.08.25"]
[Round "4.2"]
[White "Winslow, Elliott C"]
[Black "Pan, Hongkai"]
[Result "1-0"]
[WhiteElo "2328"]
[BlackElo "2101"]
[Annotator "Winslow"]
[PlyCount "115"]
[EventDate "2015.??.??"]

1. d4 (1. e4) 1... d5 2. c4 e6 3. Nc3 c6 4. Nf3 dxc4 5. a4 Bb4 6. e3 b5 7. Bd2
Qb6 (7... a5) 8. Ne5 $5 (8. Ne4 $5 Na6 $5 (8... Be7 9. b3 cxb3 (9... a5 10.
axb5 cxb5 11. bxc4 b4 12. Ne5) 10. Qxb3 b4 11. a5 Qb7 12. Bd3 Nd7 13. O-O Ngf6
14. Rfc1) (8... Bxd2+ 9. Qxd2 (9. Nfxd2 $5) 9... Na6 10. b3 cxb3 11. axb5 cxb5
12. Ne5 (12. Bxb5+ $5 Ke7 13. Nc3))) 8... Nf6 (8... Nd7 9. axb5 Nxe5 10. dxe5
cxb5 11. Ne4 Be7 12. Qg4 Kf8 13. Qf4 a5 14. Be2 Bb7 15. O-O) 9. axb5 $1 cxb5
10. b3 Nd5 $5 11. Nxb5 $1 c3 $5 (11... Bxd2+ 12. Qxd2 cxb3 13. Nc4 $1) 12. Nxc3
$1 Bxc3 13. Bxc3 Nxc3 14. Qc2 {
", regaining the piece and securing a healthy extra pawn," Scherbakov} Nd7 15.
Qxc3 Nxe5 16. dxe5 Bb7 17. f3 Rc8 18. Bc4 O-O 19. O-O Rc5 20. Rfd1 Bd5 21. Rd4
Rfc8 22. Ra4 Bc6 23. Ra6 Qb7 24. Ra5 Qb6 25. Rxc5 Qxc5 26. Qd3 Qa5 27. Qd2 Qb6
28. Kf2 h6 29. h4 Bb5 30. Qb4 Rb8 31. Rd6 Qb7 32. Bxb5 a6 33. f4 Qxb5 34. Qxb5
Rxb5 35. Rxa6 Rxb3 36. Ra8+ Kh7 37. Rf8 Rb7 38. h5 g6 39. hxg6+ Kxg6 40. g4 Rb1
41. Rg8+ Kh7 42. Rd8 h5 43. gxh5 Rh1 44. Kg3 Rxh5 45. Rd2 f6 46. Rd7+ Kg6 47.
Re7 Kf5 48. Rf7 Rh6 49. Rf8 Ke4 50. Rxf6 Rh7 51. Rxe6 Rg7+ 52. Kf2 Ra7 53. Rf6
Ra2+ 54. Kg3 Ra3 55. e6 Rxe3+ 56. Kg4 Kd5 57. f5 Kd6 58. Rf7 $138 1-0

[Event "Mechanics' Leighton Allen TNM; G/2"]
[Site "San Francisco"]
[Date "2015.08.11"]
[Round "2.2"]
[White "Winslow, Elliott C"]
[Black "Senthilkumar, Pranav"]
[Result "1-0"]
[WhiteElo "2328"]
[BlackElo "1998"]
[PlyCount "71"]
[EventDate "2015.??.??"]

1. e4 c5 2. Nf3 Nc6 3. d4 cxd4 4. Nxd4 e6 5. Nc3 Qc7 6. g3 a6 7. Bg2 Nf6 8. O-O
Be7 9. Re1 O-O 10. Nxc6 bxc6 11. e5 Nd5 12. Nxd5 cxd5 13. b3 Bb7 14. Bb2 Bb4
15. Re3 Bc5 16. Rd3 Bc6 17. Rc1 Rfd8 18. c4 dxc4 19. Rxc4 Bxg2 20. Kxg2 Qc6+
21. Qf3 Qxf3+ 22. Kxf3 Bf8 23. Rc7 d6 24. exd6 Bxd6 25. Rc6 Bf8 26. Rxd8 Rxd8
27. Rxa6 h6 28. h4 Bc5 29. Bc1 Rd3+ 30. Ke2 Rc3 31. Bd2 Rc2 32. Rc6 Rxd2+ 33.
Kxd2 Bxf2 34. Rc3 e5 35. a4 f5 36. Rf3 1-0

[Event "Mechanics' Fall TNM; G/2"]
[Site "San Francisco"]
[Date "2015.11.17"]
[Round "5.4"]
[White "Winslow, Elliott C"]
[Black "Steger, Eric Alan"]
[Result "1/2-1/2"]
[WhiteElo "2325"]
[BlackElo "2014"]
[Annotator "Donaldson"]
[PlyCount "138"]
[EventDate "2015.??.??"]

1. d4 Nf6 2. c4 g6 3. g3 Bg7 4. Bg2 O-O 5. Nc3 d6 6. Nf3 Nbd7 7. O-O e5 8. e4
a6 9. Re1 exd4 10. Nxd4 Ne5 11. b3 Re8 12. h3 Bd7 13. f4 Nc6 14. Be3 Nh5 15.
Kh2 f5 16. Qd2 fxe4 17. Bxe4 Qc8 18. Nxc6 bxc6 19. Bd4 Nf6 20. Bg2 Rb8 21.
Rxe8+ Qxe8 22. Re1 Qf7 23. Ne4 Nxe4 24. Rxe4 Re8 25. Rxe8+ Qxe8 26. Bxg7 Kxg7
27. Qa5 Qc8 28. g4 Qb7 29. Qc3+ (29. c5 $1) 29... Kg8 30. Qf6 $6 (30. b4) (30.
c5) (30. Bf1) 30... Qc8 31. Kg3 Qf8 32. Qxf8+ Kxf8 33. Be4 c5 34. h4 Kg7 35. g5
a5 36. Kf3 a4 37. Kg3 axb3 38. axb3 h5 39. Kf2 Bg4 40. Ke1 Bd7 41. Kd2 c6 42.
Kc3 Be8 43. b4 cxb4+ 44. Kxb4 d5 $11 45. cxd5 cxd5 46. Bxd5 Bd7 47. Be4 Bg4 48.
Kc5 Bd1 49. Kd6 Be2 50. Ke5 Bd1 51. Kd4 Bg4 52. Ke3 Bh3 53. Bf3 Bf5 54. Kd4 Bc2
55. Ke5 Bb1 56. Be4 Ba2 57. f5 gxf5 58. Kxf5 Bc4 59. Bf3 Bd3+ 60. Ke5 Bg6 61.
Be4 Be8 62. Ke6 Bb5 63. Kf5 Bd7+ 64. Kf4 Be8 65. Ke5 Bd7 66. Kd6 Bg4 67. Bc6
Bd1 68. Be8 Be2 69. Ke5 Bd1 1/2-1/2

[Event "Mechanics' Spring TNM; G/2"]
[Site "San Francisco"]
[Date "2015.04.07"]
[Round "4.4"]
[White "Winslow, Elliott C"]
[Black "Traub, Igor"]
[Result "1-0"]
[WhiteElo "2306"]
[BlackElo "2073"]
[Annotator "Winslow,Elliott"]
[PlyCount "45"]
[EventDate "2015.??.??"]

1. d4 d5 2. c4 c6 3. Nc3 Nf6 4. Nf3 e6 5. Bg5 Nbd7 6. cxd5 exd5 7. e3 Bd6 8.
Qc2 O-O 9. Bd3 Re8 $4 (9... h6) (9... Qc7) 10. Bxh7+ Kf8 11. Bd3 Qc7 12. O-O-O
b5 13. Kb1 Rb8 14. Rc1 Qa5 15. Ne2 Rb6 16. Bf4 Bxf4 17. Nxf4 Ra6 18. Qb3 Ne4
19. Bxe4 dxe4 20. Ng5 Re7 21. Nd5 (21. Ng6+ {(my original intention)} fxg6 22.
Nh7+ Ke8 23. Qg8+ Nf8 24. Nxf8 {SF6 says} Qxa2+ {is as good as any}) 21... cxd5
$2 (21... Qd8 22. Nb4 $1) 22. Rxc8+ Re8 23. Qxd5 1-0